Bengal from Partition to Partition,m 1905-1947 / (Record no. 19265)

MARC details
000 -LEADER
fixed length control field 00577nam a22001817a 4500
003 - CONTROL NUMBER IDENTIFIER
control field BDDh-ASL
005 - DATE AND TIME OF LATEST TRANSACTION
control field 20231015025751.0
008 - FIXED-LENGTH DATA ELEMENTS--GENERAL INFORMATION
fixed length control field 201122s2014 b ||||| |||| 00| 0 b d
040 ## - CATALOGING SOURCE
Original cataloging agency BDDh-ASL
Transcribing agency BDDh-ASL
082 ## - DEWEY DECIMAL CLASSIFICATION NUMBER
Classification number 954
Item number MOB
100 1# - MAIN ENTRY--PERSONAL NAME
9 (RLIN) 380
Personal name Mohsin, K. M.
Fuller form of name (Khan Mohammad)
245 10 - TITLE STATEMENT
Title Bengal from Partition to Partition,m 1905-1947 /
260 ## - PUBLICATION, DISTRIBUTION, ETC.
Place of publication, distribution, etc. Dhaka :
Name of publisher, distributor, etc. Bangladesh Institite of Islamic THought (BIIT),
Date of publication, distribution, etc. 2014.
300 ## - PHYSICAL DESCRIPTION
Extent 325 p. :
Dimensions 22 cm.
504 ## - BIBLIOGRAPHY, ETC. NOTE
Bibliography, etc. note Includes bibliographical references and index.
650 #0 - SUBJECT ADDED ENTRY--TOPICAL TERM
9 (RLIN) 981
Topical term or geographic name entry element Bengal History
942 ## - ADDED ENTRY ELEMENTS (KOHA)
Source of classification or shelving scheme Dewey Decimal Classification
Koha item type Books
Holdings
Withdrawn status Lost status Source of classification or shelving scheme Damaged status Not for loan Collection code Home library Current library Shelving location Date acquired Source of acquisition Total Checkouts Full call number Barcode Date last seen Copy number Price effective from Koha item type
    Dewey Decimal Classification     Non-fiction Asiatic Society Library Asiatic Society Library Sirajul Islam Collection 11/22/2020 Donated by Professor Sirajul Islam, FRHS   954 MOB 102572 11/22/2020 C-1 11/22/2020 Books
    Dewey Decimal Classification     Non-fiction Asiatic Society Library Asiatic Society Library Sirajul Islam Collection 07/14/2021 Donated by Professor Sirajul Islam, FRHS   954 MOB 110146 07/14/2021 C-2 07/14/2021 Books

Powered by Koha